[Event "DM G5 2 2026"]
[Site "Svendborg"]
[Date "2026.04.02"]
[Round "1.1"]
[White "Jensen, Henrik W"]
[Black "Hansen, Henrik Damgaard"]
[Result "1/2-1/2"]
[WhiteElo "2033"]
[BlackElo "1843"]
[WhiteFideId "1403320"]
[BlackFideId "1409735"]
[EventDate "2026.04.02"]
[EventType "swiss"]
[EventRounds "5"]
[EventCountry "DEN"]
[SourceTitle "Live v. Kasper Jerwiarz"]

1. e4 d5 2. exd5 Nf6 3. d4 Bg4 4. Be2 Bxe2 5. Nxe2 Qxd5 6. O-O e6 7. Nbc3 Qd7 8. Bg5 Be7 9. Qd3 a6 10. Rad1 Nc6 11. a3 O-O 12. Rfe1 Rad8 13. Qf3 Qc8 14. Be3 Rfe8 15. Ng3 Na5 16. d5 Nxd5 17. Nxd5 Rxd5 18. Rxd5 exd5 19. Qxd5 Nc6 20. h3 Bf6 21. c3 Re5 22. Qd3 Bg5 23. Re2 Bxe3 24. Rxe3 Rxe3 25. Qxe3 Qe6 26. Qd2 1/2-1/2

[Event "DM G5 2 2026"]
[Site "Svendborg"]
[Date "2026.04.02"]
[Round "1.2"]
[White "Hamborg, Leif"]
[Black "Poulsen, Albert Damgaard"]
[Result "1-0"]
[WhiteElo "1863"]
[BlackElo "1917"]
[WhiteFideId "1402838"]
[BlackFideId "1478613"]
[EventDate "2026.04.02"]
[EventType "swiss"]
[EventRounds "5"]
[EventCountry "DEN"]
[SourceTitle "Live v. Kasper Jerwiarz"]

1. e4 c5 2. Nf3 g6 3. d4 cxd4 4. Nxd4 Nc6 5. Bc4 Nf6 6. Nc3 Bg7 7. O-O O-O 8. Bg5 h6 9. Bh4 Nxd4 10. Qxd4 g5 11. e5 Nh5 12. Bg3 Nxg3 13. fxg3 d6 14. Rad1 Qa5 15. Nd5 Bxe5 16. Nxe7+ Kg7 17. Qe4 f5 18. Qd5 Qb6+ 19. Kh1 Bd7 20. Qd3 Qc7 21. g4 Bxh2 22. Nd5 Qc5 23. Kxh2 Rac8 24. Qd4+ Kh7 25. Nf6+ Rxf6 26. Qxf6 Qxc4 27. Qe7+ Kh8 28. Qxd7 fxg4 29. Rf6 g3+ 30. Kg1 Qc5+ 31. Kh1 Qc4 32. Rxh6+ Kg8 33. Qh7+ Kf8 34. Rf6+ Ke8 35. Re1+ 1-0

[Event "DM G5 2 2026"]
[Site "Svendborg"]
[Date "2026.04.02"]
[Round "1.3"]
[White "Nielsen, Oliver Bjerring"]
[Black "Almasy, Alexander Christian"]
[Result "0-1"]
[WhiteElo "1910"]
[BlackElo "1941"]
[WhiteFideId "1486926"]
[BlackFideId "1415700"]
[EventDate "2026.04.02"]
[EventType "swiss"]
[EventRounds "5"]
[EventCountry "DEN"]
[SourceTitle "Live v. Kasper Jerwiarz"]

1. d4 Nf6 2. f3 d5 3. e4 dxe4 4. Nc3 e6 5. fxe4 Be7 6. Nf3 b6 7. Bd3 Bb7 8. Qe2 c5 9. e5 Nd5 10. Nxd5 Qxd5 11. c3 Nc6 12. Be4 Qd7 13. Bf4 cxd4 14. Rd1 Rd8 15. O-O h6 16. Rd3 Ba6 17. Bxc6 Qxc6 18. Nxd4 Bxd3 19. Qxd3 Qd5 20. Kh1 Bg5 21. Qe3 Bxf4 22. Qxf4 O-O 23. Qg3 Qxa2 24. h3 Qxb2 25. Rf4 a5 26. Rg4 Qb1+ 27. Kh2 Qh7 28. Nc6 Rd7 29. Qh4 Kh8 30. Qf2 Qd3 31. Qxb6 Qxc3 32. Qxa5 Qxc6 33. Qb4 Rfd8 34. Qe1 Rd4 35. Qh4 Qd7 36. Qh5 Rxg4 37. hxg4 Qd4 38. Kh3 Qf4 39. g5 Rd3+ 40. Qf3 Rxf3+ 41. gxf3 Qxf3+ 42. Kh4 hxg5+ 43. Kxg5 Qg3+ 44. Kh5 g6+ 45. Kh6 Qh4# 0-1

[Event "DM G5 2 2026"]
[Site "Svendborg"]
[Date "2026.04.02"]
[Round "1.4"]
[White "Rasmussen, Steen Hulthin"]
[Black "Munch, Niels Christian"]
[Result "1-0"]
[WhiteElo "1999"]
[BlackElo "1781"]
[WhiteFideId "1419307"]
[BlackFideId "1470744"]
[EventDate "2026.04.02"]
[EventType "swiss"]
[EventRounds "5"]
[EventCountry "DEN"]
[SourceTitle "Live v. Kasper Jerwiarz"]

1. d4 d5 2. c4 c6 3. Nf3 Nf6 4. Nc3 g6 5. Bf4 Bg7 6. e3 Bg4 7. h3 Bxf3 8. Qxf3 O-O 9. Bd3 dxc4 10. Bxc4 Nbd7 11. O-O Re8 12. Rfd1 Qa5 13. a3 e5 14. b4 Qb6 15. Bh2 Qc7 16. Rac1 b5 17. Nxb5 Qb8 18. Qxc6 Rc8 19. Bxf7+ Kf8 20. Qxc8+ Qxc8 21. Rxc8+ Rxc8 22. dxe5 Kxf7 23. Nd6+ 1-0

[Event "DM G5 2 2026"]
[Site "Svendborg"]
[Date "2026.04.02"]
[Round "1.5"]
[White "Reiths, Henning"]
[Black "Veise, Svend"]
[Result "1/2-1/2"]
[WhiteElo "1722"]
[BlackElo "1916"]
[WhiteFideId "1410431"]
[BlackFideId "1413490"]
[EventDate "2026.04.02"]
[EventType "swiss"]
[EventRounds "5"]
[EventCountry "DEN"]
[SourceTitle "Live v. Kasper Jerwiarz"]

1. d4 d5 2. Bg5 h6 3. Bh4 Bf5 4. e3 c6 5. Bd3 Bxd3 6. Qxd3 Qb6 7. b3 e6 8. Ne2 Be7 9. Bg3 Nf6 10. O-O Nbd7 11. c4 O-O 12. Nbc3 Nh5 13. c5 Qd8 14. f4 Nxg3 15. hxg3 f5 16. b4 Nf6 17. a4 Ng4 18. Rfb1 a6 19. b5 axb5 20. axb5 Ra5 21. Na4 Qa8 22. Nb6 Qa7 23. Qc3 Ra2 24. Nc1 Rxa1 25. Rxa1 Qb8 26. Nd7 Qe8 27. Nxf8 Bxf8 28. b6 Qh5 29. Ne2 Nf6 30. Qe1 Ng4 31. Qc3 Qh2+ 32. Kf1 Qh1+ 33. Ng1 Nh2+ 34. Kf2 Ng4+ 35. Kf1 Nh2+ 1/2-1/2

[Event "DM G5 2 2026"]
[Site "Svendborg"]
[Date "2026.04.02"]
[Round "1.6"]
[White "Svendsen, Peter Willer"]
[Black "Kristensen, Frank"]
[Result "1-0"]
[WhiteElo "1908"]
[BlackElo "1657"]
[WhiteFideId "1405250"]
[BlackFideId "1441957"]
[EventDate "2026.04.02"]
[EventType "swiss"]
[EventRounds "5"]
[EventCountry "DEN"]
[SourceTitle "Live v. Kasper Jerwiarz"]

1. e4 c6 2. d4 d5 3. Nc3 dxe4 4. Nxe4 Bf5 5. Ng3 Bg6 6. h4 h6 7. h5 Bh7 8. Nf3 e6 9. Bd3 Nf6 10. Rh4 Be7 11. Bxh7 Nxh7 12. Rg4 Bf6 13. Qe2 Qe7 14. Bd2 Nd7 15. O-O-O O-O-O 16. Ne5 Rhg8 17. Bf4 Bxe5 18. dxe5 Nb6 19. Rxd8+ Qxd8 20. Ne4 Qd7 21. Nd6+ Kb8 22. Bxh6 f6 23. Bf4 Nd5 24. Bh2 Ka8 25. c4 Nc7 26. Qd3 f5 27. Rd4 Qe7 28. Bg3 g5 29. hxg6 Rxg6 30. Nb5 1-0

[Event "DM G5 2 2026"]
[Site "Svendborg"]
[Date "2026.04.02"]
[Round "1.7"]
[White "Skjoldborg, Lasse Dahl"]
[Black "Agger, Lars Breinholt"]
[Result "0-1"]
[WhiteElo "1497"]
[BlackElo "1866"]
[WhiteFideId "1447831"]
[BlackFideId "1413058"]
[EventDate "2026.04.02"]
[EventType "swiss"]
[EventRounds "5"]
[EventCountry "DEN"]
[SourceTitle "Live v. Kasper Jerwiarz"]

1. e4 c5 2. Nf3 d6 3. Nc3 Nc6 4. d3 Nf6 5. Bg5 e6 6. Be2 Be7 7. Qc1 a6 8. Qe3 b5 9. e5 dxe5 10. Bxf6 gxf6 11. a4 b4 12. Ne4 Nd4 13. Rc1 Bb7 14. c3 Nf5 15. Qd2 Qa5 16. b3 Rd8 17. c4 Bxe4 18. Qc2 Bb7 19. O-O Qc7 20. Nd2 Rg8 21. Nf3 Qc6 22. Ne1 Rxg2+ 0-1

[Event "DM G5 2 2026"]
[Site "Svendborg"]
[Date "2026.04.03"]
[Round "2.1"]
[White "Almasy, Alexander Christian"]
[Black "Svendsen, Peter Willer"]
[Result "1-0"]
[WhiteElo "1941"]
[BlackElo "1908"]
[WhiteFideId "1415700"]
[BlackFideId "1405250"]
[EventDate "2026.04.02"]
[EventType "swiss"]
[EventRounds "5"]
[EventCountry "DEN"]
[SourceTitle "Live v. Kasper Jerwiarz"]

1. d4 Nf6 2. c4 e6 3. Nc3 d5 4. cxd5 exd5 5. Bg5 Nbd7 6. e3 Be7 7. Bd3 O-O 8. Nf3 c6 9. Qc2 Re8 10. O-O Nf8 11. h3 g6 12. Ne5 Ne6 13. Bh6 Ng7 14. g4 Nd7 15. f4 Bd6 16. e4 Bxe5 17. fxe5 Qh4 18. Bxg7 Qxh3 19. Bf6 Qg3+ 20. Kh1 Nxf6 21. Rxf6 Bxg4 22. Bf1 Bf3+ 23. Bg2 dxe4 24. Nxe4 Qh3+ 25. Kg1 Bxg2 26. Qxg2 Qe3+ 27. Rf2 Re7 28. Nf6+ Kg7 29. Qh2 h5 30. Qf4 Qxf4 31. Rxf4 Rd8 32. b4 Kh6 33. Kf2 g5 34. Re4 Kg6 35. Rh1 h4 36. Rg4 Kf5 37. Rhg1 Ke6 38. Ke3 a5 39. a3 axb4 40. axb4 Ra8 41. Rxg5 Ra3+ 42. Ke4 Rb3 43. Rg8 Rxb4 44. Rd8 1-0

[Event "DM G5 2 2026"]
[Site "Svendborg"]
[Date "2026.04.03"]
[Round "2.2"]
[White "Veise, Svend"]
[Black "Hamborg, Leif"]
[Result "1-0"]
[WhiteElo "1916"]
[BlackElo "1863"]
[WhiteFideId "1413490"]
[BlackFideId "1402838"]
[EventDate "2026.04.02"]
[EventType "swiss"]
[EventRounds "5"]
[EventCountry "DEN"]
[SourceTitle "Live v. Kasper Jerwiarz"]

1. d4 g6 2. c3 Nf6 3. Bf4 Bg7 4. h3 d6 5. Nf3 Nbd7 6. e3 O-O 7. Bc4 Nb6 8. Bb3 Bd7 9. O-O c5 10. Nbd2 Rc8 11. Qe2 Nbd5 12. Bh2 b5 13. Rfe1 c4 14. Bc2 a5 15. e4 Nb6 16. e5 dxe5 17. Nxe5 Nfd5 18. Nxd7 Qxd7 19. a3 b4 20. axb4 axb4 21. Qf3 e6 22. Be4 Bh6 23. Re2 Ra8 24. Rxa8 Rxa8 25. Bxd5 Nxd5 26. Be5 Ra1+ 27. Kh2 Qa4 28. Ne4 f5 29. Nc5 Qd1 30. Nxe6 Qh1+ 31. Kg3 Rg1 32. Qxd5 Ra1 1-0

[Event "DM G5 2 2026"]
[Site "Svendborg"]
[Date "2026.04.03"]
[Round "2.3"]
[White "Agger, Lars Breinholt"]
[Black "Rasmussen, Steen Hulthin"]
[Result "0-1"]
[WhiteElo "1866"]
[BlackElo "1999"]
[WhiteFideId "1413058"]
[BlackFideId "1419307"]
[EventDate "2026.04.02"]
[EventType "swiss"]
[EventRounds "5"]
[EventCountry "DEN"]
[SourceTitle "Live v. Kasper Jerwiarz"]

1. e4 e6 2. d4 d5 3. Nc3 dxe4 4. Nxe4 Bd7 5. Nf3 Bc6 6. Bd3 Nd7 7. Qe2 Ngf6 8. c4 Nxe4 9. Bxe4 Bxe4 10. Qxe4 c6 11. O-O Be7 12. Bd2 O-O 13. Bc3 Nf6 14. Qe2 Qc7 15. Rfe1 Rfd8 16. Rac1 Qb6 17. a3 a5 18. Ne5 Rf8 19. g4 Rad8 20. Rcd1 Qa6 21. Qf3 a4 22. g5 Nd7 23. c5 Bxg5 24. d5 cxd5 25. Qg3 Bf6 26. Kh1 Nxe5 27. Bxe5 Bxe5 28. Rxe5 f6 29. Rg1 Rf7 30. Rh5 Qe2 31. f3 Qc2 32. Qh3 e5 33. Qe6 Qd3 34. Rh3 d4 35. Rhg3 g6 36. Rh3 Rd7 37. Rxg6+ hxg6 38. Qe8+ Rf8 39. Qxd7 Qf1# 0-1

[Event "DM G5 2 2026"]
[Site "Svendborg"]
[Date "2026.04.03"]
[Round "2.4"]
[White "Hansen, Henrik Damgaard"]
[Black "Reiths, Henning"]
[Result "1-0"]
[WhiteElo "1843"]
[BlackElo "1722"]
[WhiteFideId "1409735"]
[BlackFideId "1410431"]
[EventDate "2026.04.02"]
[EventType "swiss"]
[EventRounds "5"]
[EventCountry "DEN"]
[SourceTitle "Live v. Kasper Jerwiarz"]

1. e4 c5 2. d4 cxd4 3. c3 e5 4. cxd4 exd4 5. Nf3 Nc6 6. Nxd4 Nf6 7. Nxc6 bxc6 8. Bd3 Bb4+ 9. Bd2 Qa5 10. O-O O-O 11. a3 Bxd2 12. Nxd2 d5 13. h3 Ba6 14. Nb3 Qb6 15. Bxa6 Qxa6 16. exd5 cxd5 17. Qd4 Rab8 18. Nc5 Qc4 19. Qxc4 dxc4 20. Na4 Rfc8 21. Rac1 Ne4 22. Rfd1 Nc5 23. Rxc4 Nxa4 24. Rxa4 Rxb2 25. Rxa7 g6 26. Rad7 Kg7 27. R7d2 Rb3 28. Rd3 Rb2 29. Ra1 Rcc2 30. Rf3 Ra2 31. Rxa2 Rxa2 32. g3 h5 33. Kg2 g5 34. g4 hxg4 35. hxg4 Kg6 36. Kg3 Ra1 37. Rd3 Rg1+ 38. Kf3 Kf6 39. Rd4 Ke5 40. Rb4 f6 41. a4 Ra1 42. Rb5+ Kd4 43. a5 Ra3+ 44. Kg2 Ra2 45. Rf5 Ke4 46. Kg3 Ra3+ 47. f3+ Ke3 48. Rxf6 Rxa5 49. Rf5 1-0

[Event "DM G5 2 2026"]
[Site "Svendborg"]
[Date "2026.04.03"]
[Round "2.5"]
[White "Poulsen, Albert Damgaard"]
[Black "Jensen, Henrik W"]
[Result "0-1"]
[WhiteElo "1917"]
[BlackElo "2033"]
[WhiteFideId "1478613"]
[BlackFideId "1403320"]
[EventDate "2026.04.02"]
[EventType "swiss"]
[EventRounds "5"]
[EventCountry "DEN"]
[SourceTitle "Live v. Kasper Jerwiarz"]

1. c4 e5 2. Nc3 Nf6 3. g3 Nc6 4. Bg2 g6 5. d3 Bg7 6. e3 O-O 7. Nge2 d6 8. O-O Re8 9. Bd2 Rb8 10. Rb1 Bf5 11. e4 Bd7 12. Nd5 Nxd5 13. cxd5 Ne7 14. f4 c6 15. fxe5 cxd5 16. exd6 Qb6+ 17. Kh1 Qxd6 18. e5 Qa6 19. Bc3 Nf5 20. Qd2 Bb5 21. Nf4 d4 22. Bb4 Ne3 23. Rfe1 Bxe5 24. Be4 Bc6 25. Rbc1 Bxe4+ 26. dxe4 Qf6 27. Qe2 Bxf4 28. gxf4 Qxf4 29. Kg1 Re5 30. Rc5 Rbe8 31. Rec1 Qxe4 32. Rxe5 Qxe5 33. Rc5 Qe4 34. Rc7 Qb1+ 35. Be1 d3 36. Qf2 Nf5 37. Kf1 Re2 38. Rc8+ Kg7 0-1

[Event "DM G5 2 2026"]
[Site "Svendborg"]
[Date "2026.04.03"]
[Round "2.6"]
[White "Munch, Niels Christian"]
[Black "Skjoldborg, Lasse Dahl"]
[Result "1-0"]
[WhiteElo "1781"]
[BlackElo "1497"]
[WhiteFideId "1470744"]
[BlackFideId "1447831"]
[EventDate "2026.04.02"]
[EventType "swiss"]
[EventRounds "5"]
[EventCountry "DEN"]
[SourceTitle "Live v. Kasper Jerwiarz"]

1. c4 e5 2. Nc3 Nf6 3. e4 c6 4. f4 d5 5. cxd5 cxd5 6. fxe5 Nxe4 7. Nxe4 dxe4 8. Qa4+ Nc6 9. Qxe4 Qg5 10. Nf3 Qh5 11. Bb5 Bd7 12. h3 a6 13. Ba4 b5 14. Bc2 Rc8 15. a3 Bf5 16. Qxf5 Qxf5 17. Bxf5 Rd8 18. b4 g6 19. Be4 Ne7 20. Bb2 Bg7 21. Bb7 1-0

[Event "DM G5 2 2026"]
[Site "Svendborg"]
[Date "2026.04.03"]
[Round "2.7"]
[White "Kristensen, Frank"]
[Black "Nielsen, Oliver Bjerring"]
[Result "0-1"]
[WhiteElo "1657"]
[BlackElo "1910"]
[WhiteFideId "1441957"]
[BlackFideId "1486926"]
[EventDate "2026.04.02"]
[EventType "swiss"]
[EventRounds "5"]
[EventCountry "DEN"]
[SourceTitle "Live v. Kasper Jerwiarz"]

1. e4 e5 2. Nf3 f5 3. Nxe5 Nf6 4. Nc3 d6 5. Nc4 fxe4 6. d3 d5 7. Nd2 Bc5 8. dxe4 Ng4 9. Qe2 Bxf2+ 10. Kd1 Ne3+ 0-1

[Event "DM G5 2 2026"]
[Site "Svendborg"]
[Date "2026.04.04"]
[Round "3.1"]
[White "Rasmussen, Steen Hulthin"]
[Black "Almasy, Alexander Christian"]
[Result "1-0"]
[WhiteElo "1999"]
[BlackElo "1941"]
[WhiteFideId "1419307"]
[BlackFideId "1415700"]
[EventDate "2026.04.02"]
[EventType "swiss"]
[EventRounds "5"]
[EventCountry "DEN"]
[SourceTitle "Live v. Kasper Jerwiarz"]

1. d4 d5 2. c4 dxc4 3. Nf3 Nf6 4. e3 a6 5. a4 e6 6. Bxc4 c5 7. O-O Nc6 8. Nc3 Be7 9. dxc5 Qxd1 10. Rxd1 Bxc5 11. h3 Ke7 12. e4 h6 13. Bf4 Rg8 14. e5 Nh5 15. Bh2 g5 16. g4 Ng7 17. Ne4 Ba7 18. Rd3 b5 19. axb5 axb5 20. Bxb5 Bxf2+ 21. Kxf2 Rxa1 22. Bxc6 Rb1 23. Rd2 Rd8 24. Nd6 Ba6 25. Nd4 Rb8 26. b3 Rb4 27. Ba4 Bb7 28. Nxb7 Rxb7 29. Nc6+ Kf8 30. Rd8+ Ne8 31. Bg1 f5 32. exf6 Kf7 33. Ne5+ Kxf6 34. Nd7+ Ke7 35. Rxe8+ Kxe8 36. Nc5+ Ke7 37. Nxb7 Kf6 38. Kg2 Ke5 39. Nc5 h5 40. gxh5 g4 41. hxg4 Kf4 42. Nxe6+ Kxg4 43. h6 1-0

[Event "DM G5 2 2026"]
[Site "Svendborg"]
[Date "2026.04.04"]
[Round "3.2"]
[White "Hamborg, Leif"]
[Black "Munch, Niels Christian"]
[Result "1-0"]
[WhiteElo "1863"]
[BlackElo "1781"]
[WhiteFideId "1402838"]
[BlackFideId "1470744"]
[EventDate "2026.04.02"]
[EventType "swiss"]
[EventRounds "5"]
[EventCountry "DEN"]
[SourceTitle "Live v. Kasper Jerwiarz"]

1. e4 c6 2. d4 d5 3. Nc3 dxe4 4. Nxe4 Bf5 5. Ng3 Bg6 6. Nf3 e6 7. Bc4 Nf6 8. O-O Nbd7 9. Bg5 h6 10. Bd2 Bd6 11. Re1 O-O 12. Qe2 Qc7 13. Ne5 Bxe5 14. dxe5 Nd5 15. Bb3 Ne7 16. Nh5 Bh7 17. Rad1 Ng6 18. Bxh6 Ndxe5 19. Bxg7 Rfd8 20. Bh6 Qe7 21. f4 Nd7 22. Bg5 Qc5+ 23. Kh1 Nxf4 24. Bxf4 Nf8 25. Nf6+ Kh8 26. Be5 Qb5 27. Nxh7+ Kxh7 28. Qh5+ Kg8 29. Qh8# 1-0

[Event "DM G5 2 2026"]
[Site "Svendborg"]
[Date "2026.04.04"]
[Round "3.3"]
[White "Jensen, Henrik W"]
[Black "Veise, Svend"]
[Result "1/2-1/2"]
[WhiteElo "2033"]
[BlackElo "1916"]
[WhiteFideId "1403320"]
[BlackFideId "1413490"]
[EventDate "2026.04.02"]
[EventType "swiss"]
[EventRounds "5"]
[EventCountry "DEN"]
[SourceTitle "Live v. Kasper Jerwiarz"]

1. e4 d5 2. exd5 Qxd5 3. Nc3 Qd8 4. d4 c6 5. Nf3 Bf5 6. Bc4 e6 7. O-O Nf6 8. Re1 Be7 9. a4 h6 10. Bf4 O-O 11. Qe2 Re8 12. Rad1 Nd5 13. Nxd5 exd5 14. Bd3 Bxd3 15. Rxd3 Nd7 16. Re3 Kf8 17. Qd3 Nf6 18. Ne5 Bd6 19. Qf5 Bxe5 20. dxe5 Qd7 21. Qd3 Nh5 22. Bg3 Nxg3 23. hxg3 Kg8 24. f4 Rf8 25. f5 Rae8 26. g4 Qd8 27. e6 fxe6 28. Rxe6 Rxe6 29. Rxe6 Qb6+ 30. Kh2 Qxb2 31. c3 Qf2 32. Qh3 1/2-1/2

[Event "DM G5 2 2026"]
[Site "Svendborg"]
[Date "2026.04.04"]
[Round "3.4"]
[White "Skjoldborg, Lasse Dahl"]
[Black "Poulsen, Albert Damgaard"]
[Result "0-1"]
[WhiteElo "1497"]
[BlackElo "1917"]
[WhiteFideId "1447831"]
[BlackFideId "1478613"]
[EventDate "2026.04.02"]
[EventType "swiss"]
[EventRounds "5"]
[EventCountry "DEN"]
[SourceTitle "Live v. Kasper Jerwiarz"]

1. e4 c5 2. Nf3 d6 3. d4 cxd4 4. Nxd4 Nf6 5. Nc3 Nc6 6. Bb5 Bd7 7. Bg5 Qb6 8. Be3 Ng4 9. Nd5 Qd8 10. Nxc6 bxc6 11. Bxc6 Nxe3 12. Bxd7+ Qxd7 13. Nxe3 g6 14. Qd4 Rg8 15. c3 Bg7 16. Qd5 Rb8 17. Qd2 Qc6 18. Qc2 Rxb2 19. Qd3 Bxc3+ 20. Kd1 Rd2+ 21. Qxd2 Bxd2 22. Kxd2 Qxe4 23. Rhc1 Kd7 24. Rc4 Qb7 25. Rac1 Rb8 26. a3 a5 27. f3 h5 28. R4c3 e6 29. Nc4 Qa7 30. Rf1 f6 31. f4 d5 32. Rd3 Ke7 33. Ne3 a4 34. Re1 Kf7 35. Rc1 Rb3 36. h3 Qe7 37. Nc2 Qc5 38. Rd4 Rxa3 39. Rb4 Qf2+ 40. Kd1 Rd3# 0-1

[Event "DM G5 2 2026"]
[Site "Svendborg"]
[Date "2026.04.04"]
[Round "3.5"]
[White "Nielsen, Oliver Bjerring"]
[Black "Agger, Lars Breinholt"]
[Result "0-1"]
[WhiteElo "1910"]
[BlackElo "1866"]
[WhiteFideId "1486926"]
[BlackFideId "1413058"]
[EventDate "2026.04.02"]
[EventType "swiss"]
[EventRounds "5"]
[EventCountry "DEN"]
[SourceTitle "Live v. Kasper Jerwiarz"]

1. d4 Nf6 2. f3 d5 3. e4 dxe4 4. Nc3 c5 5. d5 exf3 6. Nxf3 g6 7. Bg5 Bg7 8. Qd2 h6 9. Be3 Nbd7 10. O-O-O a6 11. d6 b5 12. dxe7 Qxe7 13. Bf4 Kd8 14. Re1 Qf8 15. Bd6 Qg8 16. Be7+ Kc7 17. Qd6+ Kb7 18. Nxb5 axb5 19. Bxb5 Rxa2 20. Qc6+ Ka7 21. Qc7+ Bb7 22. Kb1 Rxb2+ 23. Kc1 Rxb5 24. Re3 Rb6 25. Ra3+ Ra6 26. Rxa6+ Kxa6 27. Kd2 Ne4+ 28. Ke3 Qc8 29. Ra1+ Bxa1 30. Qf4 f5 31. Nd2 Re8 32. Qf1+ Ka7 33. Qxa1+ Ba6 34. Qg7 Nef6 35. Kf2 Ng4+ 36. Kg1 Qc7 37. Nf3 Qb7 38. Nd2 Nb6 39. Qxg6 Rxe7 40. Nf3 Qe4 41. Qxb6+ Kxb6 42. g3 Qxf3 43. c4 Re1# 0-1

[Event "DM G5 2 2026"]
[Site "Svendborg"]
[Date "2026.04.04"]
[Round "3.6"]
[White "Svendsen, Peter Willer"]
[Black "Hansen, Henrik Damgaard"]
[Result "1-0"]
[WhiteElo "1908"]
[BlackElo "1843"]
[WhiteFideId "1405250"]
[BlackFideId "1409735"]
[EventDate "2026.04.02"]
[EventType "swiss"]
[EventRounds "5"]
[EventCountry "DEN"]
[SourceTitle "Live v. Kasper Jerwiarz"]

1. e4 d5 2. exd5 Nf6 3. d4 Bg4 4. Be2 Bxe2 5. Qxe2 Nxd5 6. Nf3 e6 7. O-O Be7 8. Qb5+ c6 9. Qxb7 O-O 10. c4 Qb6 11. Qxb6 Nxb6 12. b3 N8d7 13. Nc3 Nf6 14. Ne5 Rac8 15. Bb2 Rfd8 16. Rad1 Rc7 17. Rfe1 a6 18. h3 Kf8 19. Ne4 Nbd7 20. Ng5 Nxe5 21. dxe5 Ne8 22. Ne4 Rcd7 23. Rxd7 Rxd7 24. Kf1 Bb4 25. Rc1 Ke7 26. Ke2 f6 27. exf6+ gxf6 28. Rd1 Rxd1 29. Kxd1 e5 30. Ke2 Ke6 31. g4 h6 32. Bc1 Bf8 33. Ng3 Nc7 34. Kd3 Ne8 35. Be3 Nc7 36. Ke4 Ne8 37. Nf5 1-0

[Event "DM G5 2 2026"]
[Site "Svendborg"]
[Date "2026.04.04"]
[Round "3.7"]
[White "Reiths, Henning"]
[Black "Kristensen, Frank"]
[Result "1/2-1/2"]
[WhiteElo "1722"]
[BlackElo "1657"]
[WhiteFideId "1410431"]
[BlackFideId "1441957"]
[EventDate "2026.04.02"]
[EventType "swiss"]
[EventRounds "5"]
[EventCountry "DEN"]
[SourceTitle "Live v. Kasper Jerwiarz"]

1. d4 c6 2. Nf3 d5 3. g3 Nf6 4. Bg2 Bf5 5. O-O Nbd7 6. b3 e6 7. Bb2 Be7 8. Nbd2 Rc8 9. Nh4 O-O 10. c4 Bg6 11. Nxg6 hxg6 12. e4 dxe4 13. Nxe4 Nxe4 14. Bxe4 Nf6 15. Bg2 b6 16. Qe2 Qc7 17. Rfd1 Rfd8 18. Qe5 Bd6 19. Qg5 Be7 20. Qe3 Rd7 21. Bf3 Rcd8 22. Kg2 c5 23. Qe5 Bd6 24. Qg5 Be7 1/2-1/2

[Event "DM G5 2 2026"]
[Site "Svendborg"]
[Date "2026.04.05"]
[Round "4.1"]
[White "Almasy, Alexander Christian"]
[Black "Jensen, Henrik W"]
[Result "1/2-1/2"]
[WhiteElo "1941"]
[BlackElo "2033"]
[WhiteFideId "1415700"]
[BlackFideId "1403320"]
[EventDate "2026.04.02"]
[EventType "swiss"]
[EventRounds "5"]
[EventCountry "DEN"]
[SourceTitle "Live v. Kasper Jerwiarz"]

1. d4 Nf6 2. Nf3 e6 3. c4 b6 4. e3 Bb7 5. Bd3 Be7 6. O-O O-O 7. b3 d5 8. Bb2 Nbd7 9. Nc3 Rc8 10. cxd5 exd5 11. Bf5 c6 12. Qe2 Rc7 13. Rfd1 Re8 14. Rac1 Bd6 15. a3 Nf8 16. b4 Ng6 17. b5 Ne4 18. bxc6 Nxc3 19. Rxc3 Rxc6 20. Rdc1 Rxc3 21. Rxc3 Qf6 22. Bd7 Rd8 23. Bh3 Qe7 24. Qb5 Qe4 25. Nd2 Qh4 26. a4 Qe7 27. Rc2 Qe8 28. Qb3 Ne7 29. Ba3 1/2-1/2

[Event "DM G5 2 2026"]
[Site "Svendborg"]
[Date "2026.04.05"]
[Round "4.2"]
[White "Hansen, Henrik Damgaard"]
[Black "Hamborg, Leif"]
[Result "1-0"]
[WhiteElo "1843"]
[BlackElo "1863"]
[WhiteFideId "1409735"]
[BlackFideId "1402838"]
[EventDate "2026.04.02"]
[EventType "swiss"]
[EventRounds "5"]
[EventCountry "DEN"]
[SourceTitle "Live v. Kasper Jerwiarz"]

1. e4 c5 2. c3 g6 3. d4 cxd4 4. cxd4 Bg7 5. Nc3 d6 6. Nf3 Nc6 7. h3 Nf6 8. Be2 Bd7 9. O-O O-O 10. Be3 Rc8 11. Qd2 a6 12. Rac1 b5 13. Bd3 Na5 14. b3 Ne8 15. Ne2 f5 16. exf5 Rxc1 17. Rxc1 Bxf5 18. Nf4 Nb7 19. Bxf5 Rxf5 20. g4 Rf6 21. Ng5 Qd7 22. Nd5 Rf8 23. b4 Nd8 24. Nb6 Qb7 25. d5 h6 26. Ne4 Nf7 27. f4 g5 28. fxg5 Ne5 29. Kg2 Nf3 30. Qd3 Be5 31. gxh6 Nh4+ 32. Kg1 Rf3 33. Ng5 Nf6 34. Rc8+ Qxc8 35. Nxc8 Rxe3 36. Qxe3 1-0

[Event "DM G5 2 2026"]
[Site "Svendborg"]
[Date "2026.04.05"]
[Round "4.3"]
[White "Veise, Svend"]
[Black "Rasmussen, Steen Hulthin"]
[Result "0-1"]
[WhiteElo "1916"]
[BlackElo "1999"]
[WhiteFideId "1413490"]
[BlackFideId "1419307"]
[EventDate "2026.04.02"]
[EventType "swiss"]
[EventRounds "5"]
[EventCountry "DEN"]
[SourceTitle "Live v. Kasper Jerwiarz"]

1. d4 d5 2. c3 c5 3. Bf4 Nc6 4. e3 Qb6 5. Qb3 c4 6. Qxb6 axb6 7. Na3 e5 8. Bxe5 Nxe5 9. dxe5 Bxa3 10. bxa3 Rxa3 11. Kd2 Ne7 12. Ne2 Bd7 13. Nd4 O-O 14. Be2 Rfa8 15. Rhb1 Rxa2+ 16. Rxa2 Rxa2+ 17. Ke1 Nc8 18. Bf3 Bc6 19. Rd1 g6 20. Rb1 Ra6 21. Nc2 h5 22. Nb4 Ra5 23. g4 hxg4 24. Bxg4 Ne7 25. f4 Ba4 26. Kf2 Nc6 27. Bf3 Nxb4 28. cxb4 Rb5 29. Bd1 Bxd1 30. Rxd1 Rxb4 31. Rxd5 Rb2+ 32. Ke1 b5 33. Rd7 c3 34. Rxb7 Rb1+ 35. Ke2 c2 0-1